00735nam a2200241Ia 4500003000900000008004100009040001300050040001300063041000800076100001800084245007000102250001000172260002100182260000900203300001100212300001000223490003200233490000700265600001400272942000700286999001700293952018300310IT-RoPAU120407s9999 xx 000 0 und d aIT-RoPAU cIT-RoPAU aita aAnita Roeper  aMorale oggettiva e soggettiva. Una conversazione con Karl Rahner  aRoma  aEdizioni Paoline c1972 a132 p. c18 cm aPunti scottanti di teologia v76 a1. Titolo cBK c25209d25209 00102ddc406208_22760000000000071aPAULUSbPAULUSd2012-04-11l0o208.2276r2012-04-11 00:00:00w2012-04-11yBKzInserito da: In data: n.d. fondo: Via A.Severo 56 Progr:26758